000 00505nam a2200157 4500
001 137977
003 ES-MaACL
005 20230906195458.0
007 t|
008 070214s1957 sp r ||||1| spa d
100 1 _aSánchez Gamborino, Francisco Miguel.
_9102655
245 1 0 _aDoctrina jurisprudencial sobre el contrato de transporte terrestre /
_cFrancisco Miguel Sánchez Gamborino.
260 _aMadrid :
_bAguilar,
_c1957.
300 _aXX, 328 p. ;
_c24 cm.
852 _aES-MaACL
_jC-11875
_bR.39962
999 _c137977
_d137977